Nachové pustiny

Saved in:
Bibliographic Details
Main Author Michal, Sirotek
Format Electronic eBook
LanguageCzech
Published Golden Dog 2025
Edition1. elektronické vydání
Subjects
Online AccessDostupné v BOOKPORT po přihlášení pomocí eduID
ISBN978-80-53027-52-6
978-80-53027-53-3
978-80-53027-51-9
Physical Description1 online zdroj (224 stran)

Cover

LEADER 00000nam a2200000 i 4500
001 bkp819536575
003 CZ-prgp
005 20260413161219.0
006 m o d
007 cr cn
008 260413s2025 xr o 000 1 cze
020 |a 978-80-53027-52-6  |c 199 Kč  |q (online ; pdf) 
020 |a 978-80-53027-53-3  |c 199 Kč  |q (online ; epub) 
020 |a 978-80-53027-51-9  |c 249 Kč  |q (print) 
040 |a Grada  |b cze  |e rda 
100 1 |a Michal, Sirotek 
245 1 0 |a Nachové pustiny  |c Sirotek Michal 
250 |a 1. elektronické vydání 
264 1 |b Golden Dog  |c 2025 
300 |a 1 online zdroj (224 stran) 
336 |a text  |b txt  |2 rdacontent 
337 |a počítač  |b c  |2 rdamedia 
338 |a online zdroj  |b cr  |2 rdacarrier 
520 3 |a Lidskou civilizaci nezničila válka, ale něco mnohem zvrácenějšího: Vlákna - agresivní parazit, který pohlcuje vše živé a mění svět v otrávenou pustinu. Většina Čech je neobyvatelná a místa pro život neúprosně ubývá. Tomáš žije v poslední bezpečnostní zóně Prahy, která ještě nepadla. Když se mladíkovi dostane do rukou záhadný počítačový disk, náhle se stává lovnou zvěří té nejhorší chásky. Je nucen opustit zónu a vypravit se do divočiny plné nebezpečí. Bandité, krvelačné konstrukty - a také tajemná dvojice na podivné misi. Starý voják a jednooká dívka, kteří tvrdí, že má lidstvo stále naději. Co jsou vůbec Vlákna a existuje způsob, jak je zastavit? Odpovědi leží ve světě nejhustější mlhy - v Nachových pustinách, kde mysl šílí a z hlubin se dere hřmot hrůzy. 
650 0 4 |a Sci-fi, fantasy 
856 4 0 |u https://www.bookport.cz/AccountSaml/SignIn/?idp=https://shibboleth.utb.cz/idp/shibboleth&returnUrl=/kniha/nachove-pustiny-15960/  |y Dostupné v BOOKPORT po přihlášení pomocí eduID